000 00981nam a2200253 i 4500
001 50211
003 ES-MaACL
005 20250522063044.0
007 t|
008 030801s1982 sp ||||1| spa d
080 _a821.134.2-223"17"
100 1 _aCruz, Ramón de la,
_d1731-1794
_941806
245 1 0 _aSainetes.
_n1 /
_cRamón de la Cruz ; edición, introducción y notas de John Dowling.
260 _aMadrid :
_bCastalia,
_c[1982]
300 _a1 v. :
_b5 h. de lám. ;
_c18 cm.
490 1 _aClásicos Castalia ;
_v124
500 _aGlosario.
504 _aBibliografia: p. 55-63.
505 8 _aContiene: 1 ;
_tEl Prado por la noche ;
_tLa Pradera de San Isidro ;
_tLa comedia de maravillas ;
_tLa presumida burlada ;
_tManolo ;
_tLas usías y las payas ;
_tEl cortejo escarmentado ;
_tEl diablo autor aburrido
700 1 _aDowling, John.
_945533
830 0 _aClásicos Castalia ;
_v124
_9178595
852 _aES-MaACL
_jP-1863
999 _c50211
_d50211